كتاب الردة : (رقم التسجيلة. 5143)
[ عرض عادي ]
| 000 -LEADER | |
|---|---|
| fixed length control field | 00653nam a22001817a 4500 |
| 005 - DATE AND TIME OF LATEST TRANSACTION | |
| control field | 20251108164147.0 |
| 008 - FIXED-LENGTH DATA ELEMENTS--GENERAL INFORMATION | |
| fixed length control field | 250721s1990 xx 000 0 ara d |
| 082 14 - DEWEY DECIMAL CLASSIFICATION NUMBER | |
| Classification number | م/811.02/واق |
| 100 1# - MAIN ENTRY--PERSONAL NAME | |
| Personal name | الواقدي، أبو عبد الله بن محمد |
| 245 10 - TITLE STATEMENT | |
| Title | كتاب الردة : |
| Remainder of title | مع نبدة من فتوح العراق و ذكر المثنى بن حارثة الشيباني / |
| 264 1# - PRODUCTION, PUBLICATION, DISTRIBUTION, MANUFACTURE, AND COPYRIGHT NOTICE | |
| Place of production, publication, distribution, manufacture | بيروت : |
| Name of producer, publisher, distributor, manufacturer | دار الغرب الاسلامي، |
| Date of production, publication, distribution, manufacture, or copyright notice | 1990. |
| 300 ## - PHYSICAL DESCRIPTION | |
| Extent | 260ص |
| 650 17 - SUBJECT ADDED ENTRY--TOPICAL TERM | |
| Topical term or geographic name as entry element | الأدب العربي |
| 650 17 - SUBJECT ADDED ENTRY--TOPICAL TERM | |
| Topical term or geographic name as entry element | شعر الحماسة |
| 700 1# - ADDED ENTRY--PERSONAL NAME | |
| Personal name | الجبوري، يحيى |
| Relator term | تحقيق |
| 942 ## - ADDED ENTRY ELEMENTS (KOHA) | |
| Source of classification or shelving scheme | Dewey Decimal Classification |
| Koha item type | مراجع |
| حالة السحب | حالة الفقدان | مصدر التصنيف | حالة التلف | غير قابل للإعارة | المكتبة الرئيسية | المكتبة الحالية | موقع الرف | تاريخ التزويد | الرقم المتسلسل | Total Checkouts | رقم الإستدعاء | الباركود | تاريخ آخر ظهور | تاريخ الفاتورة | نوع المادة (كوها) |
|---|---|---|---|---|---|---|---|---|---|---|---|---|---|---|---|
| Dewey Decimal Classification | Not For Loan | مكتبة مؤتة | مكتبة مؤتة | مراجع | 06/07/2014 | 470091 | م/811.02/واق | PLD00333740 | 28/07/2025 | 06/07/2014 | مراجع |